• 首页
  • 本馆介绍
  • 公告通知
  • 最新文献
  • 馆藏检索
  • 电子资源
  • 读者导购
  • 参考咨询
  • 我的图书馆
  • 登录
  • 详细信息显示
  • 放入我的书架
  • 预约/预借图书
  • 作者相关作品
  • 分类相关作品
  • 丛书相关作品
  • 出版社相关作品

书目信息

  • 表格格式
  • 工作单格式
  • 卡片格式
题名:
藏学学刊
    
 
作者: ;四川大学中国藏学研究所 编
分册: 2012 第8辑  
出版信息: 成都   四川大学出版社  2013
页数: 200页
开本: 26cm
丛书名:
单 册:
中图分类: K281.4-53 , K28
科图分类:
主题词: 藏学--zang xue--文集
电子资源:
ISBN: 978-7-5614-7390-0
000 01010nam0 2200253 450
001 2359172679
005 20231205162720.43
010    @a978-7-5614-7390-0@dCNY38.00
100    @a20130318d2013 em y0chiy50 ea
101 0  @achi@aeng
102    @aCN@b510000
105    @aa z 000yy
200 1  @a藏学学刊@Azang xue xue kan@d= Journal of tibetology@h2012 第8辑@f四川大学中国藏学研究所编@zeng
210    @a成都@c四川大学出版社@d2013
215    @a200页@c图@d26cm
300    @a教育部人文社会科学重点研究基地
330    @a本书系教育部普通高等教育学校人文社会科学重点研究基地四川大学中国藏学研究所主持编写, 收录文章对藏区现状与社会经济发展、藏族历史与宗教、西藏考古与艺术以及与藏学相关的诸多方面进行深入的研究, 具有较高的学术水平。
510 1  @aJournal of tibetology@zeng
606 0  @a藏学@Azang xue@j文集
690    @aK281.4-53@v5
690    @aK28@v4
711 02 @a四川大学中国藏学研究所@Asi chuan da xue zhong guo zang xue yan jiu suo@4编
801  0 @aCN@b湖北三新@c20130318
905    @aZUCC@dK28@e44:8
    
    藏学学刊= Journal of tibetology.2012 第8辑/四川大学中国藏学研究所编.-成都:四川大学出版社,2013
    200页:图;26cm
    教育部人文社会科学重点研究基地
    
    ISBN 978-7-5614-7390-0:CNY38.00
    本书系教育部普通高等教育学校人文社会科学重点研究基地四川大学中国藏学研究所主持编写, 收录文章对藏区现状与社会经济发展、藏族历史与宗教、西藏考古与艺术以及与藏学相关的诸多方面进行深入的研究, 具有较高的学术水平。
●
相关链接 在五车中查询图书 在当当中查询图书 在豆瓣中查询图书


正题名:藏学学刊     索取号:K28/44:8         预约/预借

序号 登录号 条形码 馆藏地/架位号 状态 备注
1 2001372194   2001372194   509书库/ [索取号:K28/44:8] 在馆    
2 2001372195   2001372195   509书库/ [索取号:K28/44:8] 在馆    
3 2001372196   2001372196   509书库/ [索取号:K28/44:8] 在馆    
4 2001372197   2001372197   509书库/ [索取号:K28/44:8] 在馆    
5 2001372198   2001372198   509书库/ [索取号:K28/44:8] 在馆    
6 2001372199   2001372199   509书库/ [索取号:K28/44:8] 在馆    
7 2001372200   2001372200   第四书库/四19架A面2层3列/ [索取号:K28/44:8] 在馆    
8 2001372201   2001372201   第四书库/四19架A面2层3列/ [索取号:K28/44:8] 在馆    
9 2001372202   2001372202   第四书库/四19架A面2层3列/ [索取号:K28/44:8] 在馆    
10 2001372203   2001372203   315书库/ [索取号:K28/44:8] 在馆    
11 2001372204   2001372204   315书库/ [索取号:K28/44:8] 在馆    
12 2001372205   2001372205   315书库/ [索取号:K28/44:8] 在馆    
13 2001372206   2001372206   315书库/ [索取号:K28/44:8] 在馆    
14 2001372207   2001372207   315书库/ [索取号:K28/44:8] 在馆    
15 2001372208   2001372208   315书库/ [索取号:K28/44:8] 在馆    
山东省滨州职业学院图书馆 欢迎您!
大连网信软件有限公司© 版权所有